On This Day: June 5th II Quiz Stats

 Plays Quiz Updated Feb 26, 2019

Score 0/7 Timer 03:00
0 Plays Today
Question Answer Wrong Answers
‘Tank Man’ halts the progress of a column of advancing tanks for over half an hour, the day after the ______ protests were violently ended.
1989
Tiananmen Square
94%
Arab Spring
1.8%
Salt March
1.6%
Solidarity Day
1.6%
The June Rebellion breaks out in ______ in an attempt to overthrow the monarchy of Louis Philippe.
1832
Paris
91.2%
London
1.6%
Madrid
5.5%
Rome
1.7%
US Secretary of State George Marshall outlines the ‘Marshall Plan’ to rebuild ______.
1947
Western Europe
84.5%
Northern Africa
6.1%
Western Asia
3.1%
Eastern Asia
5.5%
The Allied Control Council, the military occupation governing body of ______, formally takes power.
1945
Germany
76.4%
Italy
13.7%
Spain
5.3%
Greece
4.1%
This city is incorporated by the Republic of Texas, today the fourth-most populous in the United States.
1837
Houston
66.2%
Austin
11.2%
Dallas
21%
Phoenix
1.3%
This country on the Adriatic Sea becomes the 29th member of NATO.
2017
Montenegro
49.9%
North Macedonia
22.9%
Bulgaria
13%
Romania
12.9%
Six Arab nations cut diplomatic ties with this country, accusing it of destabilizing the region.
2017
Qatar
35.2%
Saudi Arabia
27.1%
Yemen
31.9%
Bahrain
4.4%

You're not logged in!

Compare scores with friends on all Sporcle quizzes.
OR
Log In

Sporcle TV

Today on Sporcle TV


Watch our educational content, quiz creation guides, and fun videos on Sporcle TV.

Show Comments

Extras

Top Quizzes Today


Score Distribution

Your Account Isn't Verified!

In order to create a playlist on Sporcle, you need to verify the email address you used during registration. Go to your Sporcle Settings to finish the process.

Report this User

Report this user for behavior that violates our Community Guidelines.

Details: